00806nam a2200181 a 450000100060000000300090000600800410001502000150005604000280007108200160009910000480011524500250016326000490018830000110023750502890024865000650053765000220060218362CO-ViMGA141112s2004 ck r 000 u spa d a8448136381 aCO-ViMGAbspacCO-ViMGA a005.8 H175v1 aHarley, David; Slade, Robert; Gattiker, Urs10aVirus informáticos aMadríd (España), cMcGraw - Hill, c2002 a633.p. aDefiniciones - Historia - Malware - actividad viral - Mecanismos del virus SOLUCIONES DE SISTEMA : Código malicioso - Gestión de riesgos CASOS DE ESTUDIO : Gusanos ASPECTO SOCIAL : Origen y distribución de los virus - Metavirus , Hoax - Legalidad - ética - Ingeniería social14aINFORMATICA - APARATOS PARA EL TRATAMIENTO DE LA INFORMACION14aVIRUS INFORMATICO